Analýza prepojenosti burzových trhov: modely priestorovej autokorelácie

Spoločný vývoj burzových trhov a problematika šírenia "nákazy". Alternatívne definície pojmu "nákaza". Prehľad vybraných metodologických prístupov k analýze prepojenosti burzových trhov s dôrazom na modely priestorovej ekonometrie. Formulácia základných modelov priestorovej autokorelácie SAR a SEM i...

Full description

Saved in:
Bibliographic Details
Main Author: Chocholatá, Michaela, 1977-
Format: Book Chapter
Language:Slovak
Subjects:
Tags: Add Tag
No Tags, Be the first to tag this record!

MARC

LEADER 00000nla a2200000 4500
001 0174603
005 20240502072957.9
041 0 |a slo 
044 |a SK 
245 1 0 |a Analýza prepojenosti burzových trhov: modely priestorovej autokorelácie  |c Michaela Chocholatá 
520 |a Spoločný vývoj burzových trhov a problematika šírenia "nákazy". Alternatívne definície pojmu "nákaza". Prehľad vybraných metodologických prístupov k analýze prepojenosti burzových trhov s dôrazom na modely priestorovej ekonometrie. Formulácia základných modelov priestorovej autokorelácie SAR a SEM i metóda odhadu ich parametrov. 
610 2 0 |a trh burzový 
610 2 0 |a ekonometria 
610 2 0 |a modely ekonometrické 
100 1 |a Chocholatá, Michaela, 1977-